| 000 | 00517cam a22002051 4500 | ||
|---|---|---|---|
| 001 | sa 64004023 | ||
| 003 | DLC | ||
| 005 | 20260227112021.0 | ||
| 008 | 891026q19001964ii 000 0 telo | ||
| 010 | _asa 64004023 | ||
| 035 | _a(OCoLC)20554699 | ||
| 040 |
_aDLC _cWaU _dDLC |
||
| 042 | _apremarc | ||
| 050 | 0 | 0 |
_aPL4780.9.R33 _bZ5 |
| 100 | 1 |
_aRāmireḍḍi, Duvvūri, _d1895-1947. |
|
| 245 | 1 | 0 |
_aKavikōkilagranthāvaḷi, _bḍairi-uttarālu. |
| 260 | _c[19 | ||
| 300 |
_av. _c19 cm. |
||
| 500 | _aIn Telugu. | ||
| 999 |
_c58263 _d58263 |
||